000 00648nam a22001937a 4500
999 _c166681
_d166681
005 20190802172602.0
010 _aUR-10337
020 _c250.00
_a9789388356237
035 _aU-8892
037 _bDBAD/PUB
082 _a841
100 _aا فتخا ر ا حمد
245 _aبے چر ا غ آ نکھيں
_cا فتخا ر ا حمد
246 _bBe Chiragh Aankhen (Poetry) (Urdu)
_aby Qaisar Siddiqui
260 _aDelhi
_bEducational Publishing House
_c2018 ء
270 _a3191,Vakil Sreet Kucha Pandit Lal Kuan
_bDelhi
_e110006
_k23216162
_l-
300 _a218 ص
_c22 Cm(Hb)
942 _2ddc
_cUR
_h841
_mص د ی